| 000 | 00674nam a2200217 a 4500 | ||
|---|---|---|---|
| 001 | 73489 | ||
| 003 | BD-RjUL | ||
| 005 | 20211209082413.0 | ||
| 008 | 170601s1955 at a 000 0 eng d | ||
| 035 | _a(BD-RjUL)73707 | ||
| 035 | _a740944 | ||
| 040 |
_aNCLN _beng _cBD-RjUL _dNCLN |
||
| 041 | _aeng | ||
| 082 | 0 | 4 |
_a630.994 _223 _bWAR 1955 |
| 100 | 1 |
_aWatt, Robert D. _9217439 |
|
| 245 | 1 | 4 |
_aThe romance of the Australian land industries / _cby Robert D. Watt. |
| 260 |
_aSydney : _bAngus and Robertson, _c1955. |
||
| 300 |
_aviii, 271 p., [17] p. of plates : _b16 ill., 7 maps, 3 ports. ; _c22 cm. |
||
| 650 | 0 |
_aAgriculture _zAustralia _xHistory. _9217440 |
|
| 942 |
_2ddc _cBK |
||
| 999 |
_c73489 _d73489 |
||